Sobre héroes y tumbas

Uloženo v:
Podrobná bibliografie
Hlavní autor: Sábato, Ernesto
Médium: Kniha
Jazyk:Undetermined
Vydáno: Buenos Aires, Argentina Editorial Planeta 2001
Témata:
Tagy: Přidat tag
Žádné tagy, Buďte první, kdo vytvoří štítek k tomuto záznamu!

MARC

LEADER 00000nam a2200000Ia 4500
008 170316s9999 xx 000 0 und d
040 |a cru BVZT 
090 |a 860 S-1s 
100 |a Sábato, Ernesto 
245 |a Sobre héroes y tumbas 
260 |a Buenos Aires, Argentina 
260 |b Editorial Planeta 
260 |c 2001 
300 |a 509 páginas 
650 |a LITERATURA LATINOAMERICANA 
650 |a EL DRAGON Y LA PRINCESA 
650 |a LOS ROSTROS INVISIBLES 
650 |a INFORME SOBRE CIEGOS 
999 |c 9211  |d 9211 
942 |c 15 D  |h 860 S-1s  |2 z